| 000 | 00806nam0a22002531 4500 | ||
|---|---|---|---|
| 001 | rc\1104687 | ||
| 005 | 20250622150259.0 | ||
| 035 | _a(NLR Aleph) 006349562 | ||
| 090 |
_a4786852 _c4786852 |
||
| 100 | _a20041126d1982 |||y0rusy50 ca | ||
| 101 | 0 | _arus | |
| 102 | _aRU | ||
| 105 | _aa ||||||||| | ||
| 200 | 1 | _aПамять эпохи | |
| 210 |
_aБарнаул _cАлт. кн. изд-во _d1982 |
||
| 215 |
_a144 с. _cил. _d17 |
||
| 320 | _aБиблиогр.: с. 138-143 (100 назв.) | ||
| 700 | 1 |
_7ca _8rus _aСергеев _bА. Д. _cканд. ист. наук, краевед _f1930-2002 _gАлексей Дмитриевич _9234804 _3RU\NLR\AUTH\770234860 |
|
| 801 | 0 |
_aRU _bNLR _gpsbo |
|
| 801 | 1 |
_aRU _bELAR _2rusmarc |
|
| 852 |
_aNLR _j82-2/2309 |
||
| 942 | _cBOOK | ||
| 980 | _aNB | ||